載入...
Consumer Behaviour
| 主要作者: | |
|---|---|
| 格式: | Printed Book |
| 出版: |
New Delhi
Wisdom Press
2013
|
| 版: | 1st |
| 主題: |
| LEADER | 00537nam a22001817a 4500 | ||
|---|---|---|---|
| 003 | OSt | ||
| 020 | |a 9789382006527 | ||
| 082 | |a 658.8342 |b SAJ/CO | ||
| 100 | |a Sajeevan Rao Arigela | ||
| 245 | |a Consumer Behaviour | ||
| 250 | |a 1st | ||
| 260 | |a New Delhi |b Wisdom Press |c 2013 | ||
| 300 | |a 333 | ||
| 650 | |a Marketing Startegy | ||
| 700 | |a Sajeevan Rao Arigela | ||
| 942 | |2 ddc |c BK | ||
| 999 | |c 189427 |d 189427 | ||
| 952 | |0 0 |1 0 |2 ddc |4 0 |6 658_834200000000000_SAJ_CO |7 0 |9 195580 |a KAUCBV |b KAUCBV |d 2016-04-27 |g 0.00 |o 658.8342 SAJ/CO |r 2018-07-07 |w 2016-04-27 |y BK | ||